000
00317nam a2200109Ia 4500
008
171204s9999 xx 000 0 und d
245
_a
Tragedy and Dramatic Theatre:
245
_c
Hans-Thies Lehmann
260
_c
2016
650
_x
INTRODUCTION TO THEATRE ARTS
856
_u
http://down.ebook777.com/035/1138852619.pdf
999
_c
346147
_d
346147